Ambigüedad, aversión por la ambigüedad y reservas de valor en Argentina (Registro nro. 15216)
[ vista simple ]
| 000 -LEADER | |
|---|---|
| fixed length control field | 00353 a2200109 4500 |
| 001 - CONTROL NUMBER | |
| control field | ART_37819 |
| 005 - DATE AND TIME OF LATEST TRANSACTION | |
| control field | 20260410161701.0 |
| 008 - FIXED-LENGTH DATA ELEMENTS--GENERAL INFORMATION | |
| fixed length control field | 260409a |
| 100 1# - MAIN ENTRY--PERSONAL NAME | |
| Personal name | Corso, Eduardo Ariel |
| 245 10 - TITLE STATEMENT | |
| Title | Ambigüedad, aversión por la ambigüedad y reservas de valor en Argentina |
| 773 0# - HOST ITEM ENTRY | |
| Title | Ensayos Económicos |
| Related parts | - Nº 73 (dic. 2015) |
| Record control number | REV620 |
No hay ítems disponibles.